000
00281nam a2200109Ia 4500
008
200302s9999 xx 000 0 und d
100
_a
Amina Okada
245
_a
Indian Miniatures of the Mughal Court
260
_b
Harry N. Abrams, Inc Publishers
260
_c
1992
300
_a
239 P.,
999
_c
2143
_d
2143